000 00668nam a2200217 i 4500
001 28830
003 ES-MaACL
005 20250912063036.0
007 t|
008 030120s1984 mx ||||1| spa d
020 _a968-16-0320-6
100 1 _aAzuela, Mariano.
_924375
245 1 0 _aLos de abajo
_b: novela de la revolución mexicana /
_cMariano Azuela.
250 _a1ª ed., 22ª reimp.
260 _aMéxico :
_bFondo de Cultura Económica,
_c1984.
300 _a140 p. ;
_c17 cm.
490 1 _aColección popular (Fondo de Cultura Económica) ;
_v13
_9241328
852 _aES-MaACL
_jL-11495
_bR.110943
942 _2udc
999 _c28830
_d28830